La Catedral de Guadalajara /

Guardat en:
Dades bibliogràfiques
Autor principal: Palacio, Luis de, Fray (autor)
Altres autors: Cornejo Franco, José (presentación) (presentación), Díaz Morales, Ignacio (ilustración) (ilustración)
Format: Llibre
Idioma:espanyol
Publicat: Guadalajara, México : Artes Gráficas, 1948
Etiquetes: Afegir etiqueta
Sense etiquetes, Sigues el primer a etiquetar aquest registre!

MARC

LEADER 00000nam^a2200000^a^4500
001 000615203
005 20250530000000.0
009 20260310133656.44
025 |a Donación Robles Martínez, 2 ejemplares 
037 |a Acervo ITESO - Biblioteca 
041 |a ESP 
091 |a FRM. 00211 
100 |a Palacio, Luis de,  |c Fray  |e (autor) 
245 1 3 |a La Catedral de Guadalajara / 
264 1 |a Guadalajara, México :  |b Artes Gráficas,  |c 1948 
300 |a 109 p., [36 láminas] 
336 |a texto  |b txt  |2 rdacontenido 
337 |a sin mediación  |b n  |2 rdamedio 
338 |a volumen  |b nc  |2 rdasoporte 
649 |a XX 
700 |a Cornejo Franco, José  |e (presentación) 
700 |a Díaz Morales, Ignacio  |e (ilustración) 
910 |a Fondo Robles Martínez 
920 |a Impresos - Libros 
930 |a Fondos Especiales 
905 |a 123 
901 |a 615253-10  |b IT2  |c ESP  |i D  |u 20250530 
901 |a 615253-20  |b IT2  |c ESP  |i D  |u 20250530 
902 |a https://opac.biblio.iteso.mx/vufind/Record/000615203